01346nam a22002417a 450000500170000000800410001702000150005804000070007304100080008008200220008810000260011024500230013626000340015930000270019336500330022052006020025365000250085565000300088070000280091094200120093899900190095095201350096920221220153607.0221220b ||||| |||| 00| 0 eng d a0571231721 cAL aeng 223a824.914bKURW aHanif Kureishi967063 aWord and the bomb  aLondonbFaber and faberc2005 avi,100p.bPBc19x12cm. 2Englishb255.00c₹d255.00 aHanif Kureishi has been writing about the tensions between Islam and the West for over twenty years. In recent times the argument has evolved from one of constructive discussion to one of a refusal to engage - where the bomb speaks louder than the word. This volume collects pieces from Kureishi's work which respond to this change, providing a historical perspective for the times in which we live. 'Kureishi has a particular appreciation for the complexity of modern British Muslim identity that comes from having a mixed-race family . . . Here, Kureishi's experience turns to insight.' Observer aEnglish Prose967064 aEnglish Literature967065 aKUREISHI (Hanif)967066 2ddccBK c225968d225968 00102ddc40708ENGaALbALd2014-11-29l0o824.914 KURWpD05353r2022-12-20 00:00:00w2022-12-20yDBzDonated by V. T. Rajshekar